00969cam a2200241 i 45000010005000000030008000050050017000130080039000300200029000690350018000980400032001160410008001480820026001561000044001822450141002262500011003672600067003783000057004454900037005024900091005395040051006306510046006812735BD-RjUL20211208233616.0131217r19811978enkaf b 001 0 eng a0080218474 :a0080218482 a(BD-RjUL)2762 aDLCcDLCdDLCdBD-RjULbeng aeng00a330.967220bOCG 19811 aO'Connor, Anthony M.q(Anthony Michael)14aThe geography of tropical African development :ba study of spatial patterns of economic change since independence /cby A. M. O'Connor. a2d ed. aOxford ;aNew York :bPergamon Press,cc1978 [Eeprinted 1981]. axvii, 229 p., [6] leaves of plates :bill. ;c26 cm.0 aPergamon Oxford geography series0 aPergamon international library of science, technology, engineering, and social studies aIncludes bibliographical references and index. 0aAfrica, Sub-SaharanxEconomic conditions.